000 00513nam a2200169Ia 4500
003 IN-BaIIA
008 211028s9999 xx 000 0 eng d
040 _cIIA Library
080 _a537.876
_bBUD
100 _aBudden, K. G
_93894
245 4 _aThe wave-guide mode theory of wave propagation
_cK. G Budden
260 _aLondon
_bLogos Press
_c1961
300 _ax, 325p.
650 _aElectromagnetic waves
_92401
650 _aWave propagation
_93418
942 _cBK
999 _c17882
_d17882